[Event "POL-ch Blitz U18 Girls"]
[Site "Bydgoszcz"]
[Date "2023.08.31"]
[Round "1"]
[White "Borowska Sorus, Katarzyna"]
[Black "Pawlikowska, Ewa"]
[Result "0-1"]
[WhiteElo "1107"]
[BlackElo "1215"]
[PlyCount "126"]
[EventDate "2023.08.28"]
[EventType "swiss"]
[EventRounds "9"]
[EventCountry "POL"]
[SourceTitle "EXT 2024"]
[Source "ChessBase"]
[SourceDate "2023.10.10"]
[SourceVersion "1"]
[SourceVersionDate "2023.10.10"]
[SourceQuality "1"]

1. e4 c5 2. Nf3 d6 3. d4 cxd4 4. Nxd4 Nf6 5. Nc3 a6 6. Be3 e5 7. Nf3 Be6 8. Be2 Be7 9. 0-0 0-0 10. a3 Nc6 11. Qd2 Qc7 12. Rfe1 Rfd8 13. Nd5 Bxd5 14. exd5 Nb8 15. Red1 Nbd7 16. Rac1 Rac8 17. Qb4 h6 18. c4 Nc5 19. Nd2 Qd7 20. Nb3 Nxb3 21. Qxb3 Ne4 22. Qc2 Nf6 23. Qd2 Kf8 24. h3 b5 25. b3 bxc4 26. bxc4 Ne4 27. Qe1 Nc5 28. Qd2 Nb3 29. Qc2 Nxc1 30. Rxc1 Kg8 31. Bg4 Qc7 32. Bxc8 Rxc8 33. Kf1 Qa5 34. Qc3 Qa4 35. Kg1 Bf6 36. Qd3 Qa5 37. Qc3 Qxc3 38. Rxc3 e4 39. Rc1 Bb2 40. Rc2 Bxa3 41. Kf1 a5 42. Bb6 Bb4 43. Ke2 f5 44. Ke3 Kf7 45. Kf4 Kf6 46. Bd4+ Kg6 47. f3 exf3 48. Kxf3 a4 49. g4 fxg4+ 50. Kxg4 a3 51. Kf3 Rc7 52. Rg2+ Kf5 53. Ra2 Rxc4 54. Be3 Rc3 55. Kf2 Ke4 56. Bd2 Rc4 57. Bxb4 Rxb4 58. Rxa3 Kxd5 59. Rg3 g5 60. Kf3 Rb3+ 61. Kf2 Rxg3 62. Kxg3 Ke4 63. Kg4 d5 0-1

[Event "POL-ch Blitz U18 Girls"]
[Site "Bydgoszcz"]
[Date "2023.08.31"]
[Round "2"]
[White "Pawlikowska, Ewa"]
[Black "Lukasik, Aleksandra"]
[Result "1/2-1/2"]
[WhiteElo "1215"]
[BlackElo "1190"]
[PlyCount "121"]
[EventDate "2023.08.28"]
[EventType "swiss"]
[EventRounds "9"]
[EventCountry "POL"]
[SourceTitle "EXT 2024"]
[Source "ChessBase"]
[SourceDate "2023.10.10"]
[SourceVersion "1"]
[SourceVersionDate "2023.10.10"]
[SourceQuality "1"]

1. e4 d6 2. d4 Nf6 3. Nc3 Nbd7 4. Bc4 e5 5. dxe5 dxe5 6. Nf3 Be7 7. 0-0 h6 8. h3 c6 9. Be3 Qc7 10. Qe2 Nf8 11. Rad1 g5 12. Nd2 Ng6 13. Nb3 Rg8 14. Qd3 Nf4 15. Bxf4 gxf4 16. Kh2 b5 17. Nxb5 cxb5 18. Bxb5+ Bd7 19. Bxd7+ Qxd7 20. Qc3 Qe6 21. Rfe1 Rc8 22. Qa5 Rxc2 23. Qxa7 Rc8 24. a4 Qxb3 25. Rd2 f3 26. g3 Bb4 27. Qb7 Qc4 28. Red1 Bxd2 29. Rxd2 Kf8 30. b3 Qc3 31. Rd6 Kg7 32. b4 Qc2 33. Qb6 Kf8 34. Rxf6 Rg7 35. Rxf3 Qc6 36. Qxc6 Rxc6 37. b5 Rb6 38. Rb3 Rgg6 39. a5 Rb8 40. b6 Ke7 41. b7 Ra6 42. Rb5 Kd6 43. f4 Kc6 44. Rxe5 Rxb7 45. g4 Rb5 46. Rxb5 Kxb5 47. g5 hxg5 48. fxg5 Kxa5 49. h4 Kb4 50. Kg3 Kc4 51. Kf4 Kd4 52. h5 Re6 53. h6 Rxe4+ 54. Kf5 Kd5 55. Kf6 Rf4+ 56. Kg7 Rh4 57. h7 Ke5 58. h8Q Rxh8 59. Kxh8 Kf5 60. Kg7 Kxg5 61. Kxf7 1/2-1/2